ミスドの所在都道府県 - Statistics

General Stats
  • This quiz has been taken 3 times
  • The average score is 695 of 1061
Answer Stats
Name Answer % Correct
武蔵小山駅前 東京都
100%
浅草 東京都
100%
上田 長野県
100%
八王子楢原コピオ 東京都
100%
小樽 北海道
100%
渋沢駅前 神奈川県
100%
トナリエキュート 茨城県
67%
フジグランナタリー 広島県
67%
イオンモール川口前川 埼玉県
67%
境フィズ 茨城県
67%
湊川プラザ 兵庫県
67%
ヨシヅヤ太平通り 愛知県
67%
東神奈川駅前 神奈川県
67%
イオン焼津 静岡県
67%
広島サンモール 広島県
67%
フォレオ博多 福岡県
67%
エコール・いずみ 大阪府
67%
湘南台駅前 神奈川県
67%
アピタ江南西 愛知県
67%
アピタ新潟西 新潟県
67%
西友福生 東京都
67%
イオンモール富士宮 静岡県
67%
手稲駅前 北海道
67%
笠岡 岡山県
67%
イオンモール鹿児島 鹿児島県
67%
北巽 大阪府
67%
アルプラザ堅田 滋賀県
67%
新石切 大阪府
67%
三宮本通り 兵庫県
67%
稚内 北海道
67%
高崎駅ビル 群馬県
67%
アルプラザ小松 石川県
67%
ララガーデン春日部 埼玉県
67%
野田花井 千葉県
67%
JR福知山 京都府
67%
天久うりぼう 沖縄県
67%
ららぽーと名古屋みなとアクルス 愛知県
67%
盛岡大通 岩手県
67%
デオシティ新座 埼玉県
67%
イオン近江八幡 滋賀県
67%
川越アトレマルヒロ 埼玉県
67%
ゆめタウン夢彩都 長崎県
67%
イオンモール各務原 岐阜県
67%
ウニクス南古谷 埼玉県
67%
和歌山国体道路 和歌山県
67%
アリオ川口 埼玉県
67%
フレスポ八潮 埼玉県
67%
南彦根 滋賀県
67%
相鉄ライフ三ツ境 神奈川県
67%
リーフウォーク稲沢 愛知県
67%
北24条駅前 北海道
67%
福井二の宮 福井県
67%
黒川 愛知県
67%
JR千里丘 大阪府
67%
マックスバリュ豊田 静岡県
67%
フレスポ鳥栖 佐賀県
67%
ベルテラスいこま 奈良県
67%
イオン秦野 神奈川県
67%
長野北 長野県
67%
イオンスタイル豊田 愛知県
67%
ニトリ水沢 岩手県
67%
MEGAドンキホーテ蓮田 埼玉県
67%
イオンモール新利府南館 宮城県
67%
イオン明石 兵庫県
67%
イオン甘木 福岡県
67%
ららぽーと福岡 福岡県
67%
南行徳駅前 千葉県
67%
伊勢崎宮子 群馬県
67%
イオン横須賀久里浜 神奈川県
67%
イオンモール札幌平岡 北海道
67%
押上業平 東京都
67%
イオンモール福岡 福岡県
67%
亀有駅前 東京都
67%
イオンモールナゴヤドーム前 愛知県
67%
イオン春日井 愛知県
67%
イオンモール新居浜 愛媛県
67%
イオンモール山科椥辻 京都府
67%
大田原 栃木県
67%
イオンモール八千代緑が丘 千葉県
67%
成増 東京都
67%
ゆめタウン出雲 島根県
67%
フジ宇和 愛媛県
67%
梅田東 大阪府
67%
フジグラン松山 愛媛県
67%
アピタ磐田 静岡県
67%
フレスポ長田 大阪府
67%
すすきの 北海道
67%
イオンモール多摩平の森 東京都
67%
二戸 岩手県
67%
ゆめタウン筑紫野 福岡県
67%
イオン札幌手稲 北海道
67%
あまがさきキューズモール 兵庫県
67%
いよてつ高島屋 愛媛県
67%
ピオニウォーク東松山 埼玉県
67%
松井山手 京都府
67%
トレッサ横浜 神奈川県
67%
ジョイフル本田千代田 群馬県
67%
ヒルズウォーク徳重 愛知県
67%
マックスバリュ裾野 静岡県
67%
イオンモール倉敷 岡山県
67%
イオンモール羽生 埼玉県
67%
綱島駅前 神奈川県
67%
アスティ一宮 愛知県
67%
マーケットシティ桐生 群馬県
67%
イオンモール茨木 大阪府
67%
イオンモール香椎浜 福岡県
67%
イオン札幌桑園 北海道
67%
寺尾 新潟県
67%
ゆめタウンサンピアン 熊本県
67%
ララガーデン川口 埼玉県
67%
TXグランドアベニューおおたかの森 千葉県
67%
市川駅前 千葉県
67%
FKD宇都宮インターパーク 栃木県
67%
カラフルタウン岐阜 岐阜県
67%
アリオ西新井 東京都
67%
横浜大口 神奈川県
67%
イオン札幌麻生 北海道
67%
エキア越谷 埼玉県
67%
イオンモール水戸内原 茨城県
67%
イオンモール小山 栃木県
67%
鳴子 愛知県
67%
宮崎台 神奈川県
67%
イオンモール銚子 千葉県
67%
上大岡駅前 神奈川県
67%
茅ケ崎北口 神奈川県
67%
ベイシア安達 福島県
67%
光が丘IMA 東京都
67%
多摩センター 東京都
67%
イオン北谷 沖縄県
67%
イトーヨーカドー狭間 東京都
67%
イオン多賀城 宮城県
67%
堺三国ヶ丘 大阪府
67%
イオン山形北 山形県
67%
イオンモール東浦 愛知県
67%
イオンタウン茨木太田 大阪府
67%
イオンモール京都桂川 京都府
67%
イオンモール大和 神奈川県
67%
イオンタウン西熊本 熊本県
67%
サプラ龍ケ崎 茨城県
67%
西神中央 兵庫県
67%
京都ファミリー 京都府
67%
JR西宮 兵庫県
67%
苫小牧MEGAドン・キホーテ 北海道
67%
アピタ大和郡山 奈良県
67%
ゆめタウン別府 大分県
67%
千葉ニュータウン中央 千葉県
67%
小倉砂津 福岡県
67%
JR宮崎 宮崎県
67%
イオン成田 千葉県
67%
和光市駅前 埼玉県
67%
イオン古川 宮城県
67%
さんちか7番街 兵庫県
67%
郡山西ノ内 福島県
67%
京王稲田堤駅前 神奈川県
67%
ららテラス北綾瀬 東京都
67%
イオン三木青山 兵庫県
67%
アリオ札幌 北海道
67%
伊川谷 兵庫県
67%
渋川 群馬県
67%
サンエー石川シティ 沖縄県
67%
福岡長丘 福岡県
67%
ライフなんば 大阪府
67%
花小金井駅南口 東京都
67%
イトーヨーカドー大井町 東京都
67%
松阪塚本 三重県
67%
イオン江別 北海道
67%
仙台古城 宮城県
67%
アリオ橋本 神奈川県
67%
武蔵浦和駅前 埼玉県
67%
王寺 奈良県
67%
盛岡肴町 岩手県
67%
米子旗ヶ崎 鳥取県
67%
セブンタウン小豆沢 東京都
67%
イオン南相馬 福島県
67%
宮の森 北海道
67%
イオンタウン塩釜 宮城県
67%
イオン名護 沖縄県
67%
関マーゴ 岐阜県
67%
MEGAドン・キホーテUNY本庄 埼玉県
67%
アピタ刈谷 愛知県
67%
アピタ長久手 愛知県
67%
ユアエルム八千代台 千葉県
67%
ゆめタウンはません 熊本県
67%
東尾道 広島県
67%
ひばりケ丘 東京都
67%
イオン袋井 静岡県
67%
イオンモール姫路大津 兵庫県
67%
ギャラリエアピタ知立 愛知県
67%
練馬高野台駅前 東京都
67%
名谷 兵庫県
67%
港南台バーズ 神奈川県
67%
イオン大野城 福岡県
67%
ゆめタウン飯塚 福岡県
67%
フジモール吹上 埼玉県
67%
勝田台 千葉県
67%
仙台勾当台 宮城県
67%
豊橋幸 愛知県
67%
いわきエブリア 福島県
67%
イトーヨーカドー曳舟 東京都
67%
アリオ市原 千葉県
67%
イオン米沢 山形県
67%
スカイプラザ柏 千葉県
67%
金山 愛知県
67%
大分高城 大分県
67%
箕面 大阪府
67%
イオン桜井 奈良県
67%
エル枚方 大阪府
67%
イオンモール松本 長野県
67%
奄美大島 鹿児島県
67%
イオンモール徳島 徳島県
67%
金沢武蔵 石川県
67%
イオンモール土浦 茨城県
67%
福井エルパ 福井県
67%
エキア竹ノ塚 東京都
67%
武蔵新城 神奈川県
67%
イオン若松 福岡県
67%
アリオ葛西 東京都
67%
ベルマージュ堺 大阪府
67%
イオン天王町 神奈川県
67%
エコール・リラ 兵庫県
67%
西友南草津 滋賀県
67%
神戸北町 兵庫県
67%
東三国 大阪府
67%
結城 茨城県
67%
JRアスティ岐阜 岐阜県
67%
松阪 三重県
67%
深井駅前 大阪府
67%
ライフガーデン新宮中央 福岡県
67%
小田原 神奈川県
67%
マルナカ徳島 徳島県
67%
JR住吉 兵庫県
67%
ヨシヅヤ清洲 愛知県
67%
ヒタチエ 茨城県
67%
イオン時津 長崎県
67%
ゆめが丘ソラトス 神奈川県
67%
イオンモール日根野 大阪府
67%
イオン酒田南 山形県
67%
イオンモール堺北花田 大阪府
67%
イオンモール神戸北 兵庫県
67%
うめこうじ佐土原 宮崎県
67%
京成大久保駅前 千葉県
67%
イオンモール直方 福岡県
67%
フルルガーデン八千代 千葉県
67%
マーサ21 岐阜県
67%
秋田広面 秋田県
67%
松戸東口 千葉県
67%
カナートモール和泉府中 大阪府
67%
淡路SA(下り線) 兵庫県
67%
アルプラザ守山 滋賀県
67%
JR広島ステーション 広島県
67%
サンエー経塚 沖縄県
67%
イオン那須塩原 栃木県
67%
京王八王子駅前 東京都
67%
六甲道 兵庫県
67%
ホワイティうめだ 大阪府
67%
亀戸 東京都
67%
フジグラン三原 広島県
67%
相模原it's 神奈川県
67%
フジグラン高陽 広島県
67%
イオンモール日の出 東京都
67%
FOOD&TIME ISETAN YOKOHAMA 神奈川県
67%
イオンモール木曽川 愛知県
67%
鶴川駅前 東京都
67%
旭川2条 北海道
67%
新浦安 千葉県
67%
本厚木ミロードイースト 神奈川県
67%
小浜 福井県
67%
大分ステーション 大分県
67%
都島 大阪府
67%
ゆめタウン久留米 福岡県
67%
尾道 広島県
67%
南阿佐谷 東京都
67%
高田 奈良県
67%
イオンモール福津 福岡県
67%
イトーヨーカドー木場 東京都
67%
福島大開 大阪府
67%
イオンモール高知 高知県
67%
ゆめタウン徳島 徳島県
67%
宮古 岩手県
67%
JR桃谷駅前 大阪府
67%
イオン米子駅前 鳥取県
67%
JR折尾 福岡県
67%
エルミこうのす 埼玉県
67%
中標津TOBU 北海道
67%
イオンモール沖縄ライカム 沖縄県
67%
加古川駅前 兵庫県
67%
イオンモール新利府北館 宮城県
67%
アピタ金沢 石川県
67%
新所沢駅前 埼玉県
67%
西大寺 奈良県
67%
千里中央 大阪府
67%
東神楽 北海道
67%
イオンモール太田 群馬県
67%
オペラパーク住道 大阪府
67%
JR熊本 熊本県
67%
東川口 埼玉県
67%
ベルモール宇都宮 栃木県
67%
イオンモール天童 山形県
67%
高崎東 群馬県
67%
豊中駅前 大阪府
67%
八尾ペントプラザ 大阪府
67%
阪急豊中 大阪府
67%
マックスバリュ函南 静岡県
67%
マックスバリュ沼津南 静岡県
67%
新潟万代シテイ 新潟県
67%
阪急池田 大阪府
67%
イオンモール橿原 奈良県
67%
イオンモール佐賀大和 佐賀県
67%
垂水 兵庫県
67%
フォレオ大津一里山 滋賀県
67%
松原ステーション 大阪府
67%
岸和田カンカン 大阪府
67%
カエデウォーク長津田 神奈川県
67%
北朝霞駅前 埼玉県
67%
テラスウォーク一宮 愛知県
67%
イトーヨーカドー幕張 千葉県
67%
阪急伊丹駅 兵庫県
67%
LaLaテラス南千住 東京都
67%
高松屋島 香川県
67%
イオンモール津南 三重県
67%
エスコンフィールドHOKKAIDO 北海道
67%
ゆめタウン光の森 熊本県
67%
イズミヤ八尾 大阪府
67%
おのだサンパーク 山口県
67%
名古屋則武 愛知県
67%
ワンズモール 千葉県
67%
トキハわさだ 大分県
67%
喜多見駅前 東京都
67%
ゆめタウン柳井 山口県
67%
上溝 神奈川県
67%
イオンモール旭川駅前 北海道
67%
イオンてだこ浦西 沖縄県
67%
福島 大阪府
67%
ラザウォーク甲斐双葉 山梨県
67%
イオンモール浦和美園 埼玉県
67%
船橋FACE 千葉県
67%
MEGAドン・キホーテUNY会津若松 福島県
67%
小野原 大阪府
67%
テラッソ姫路 兵庫県
67%
イオンモール土岐 岐阜県
67%
瑞浪 岐阜県
67%
イオンモール石巻 宮城県
67%
ユニモちはら台 千葉県
67%
上新庄駅前 大阪府
67%
葛西駅前 東京都
67%
イオンモール札幌苗穂 北海道
67%
福井ベル 福井県
67%
イオンモール富谷 宮城県
67%
イオンモール三光 大分県
67%
下北沢 東京都
67%
赤羽 東京都
67%
させぼ五番街 長崎県
67%
甲子園 兵庫県
67%
アリオ北砂 東京都
67%
金沢文庫 神奈川県
67%
イオン石狩緑苑台 北海道
67%
イオンモール久御山 京都府
67%
ジョイホンパーク吉岡 群馬県
67%
高田馬場戸山口 東京都
67%
松江学園通り 島根県
67%
ゆめタウン大川 福岡県
67%
アクロスモール春日 福岡県
67%
センター北駅前 神奈川県
67%
門司駅前 福岡県
67%
アリオ上尾 埼玉県
67%
ゆめタウン大竹 広島県
67%
イオンモール盛岡南 岩手県
67%
イオンモール川口 埼玉県
67%
イオンモール宇城 熊本県
67%
那覇メインプレイス 沖縄県
67%
イオンモール高崎 群馬県
67%
アピタ松任 石川県
67%
中野 東京都
67%
ルビットタウン高山 岐阜県
67%
ゆめタウン平島 岡山県
67%
富山北 富山県
67%
南海中百舌鳥駅 大阪府
67%
イオンモール船橋 千葉県
67%
神戸学園都市 兵庫県
67%
フジグラン重信 愛媛県
67%
ステラタウン大宮宮原 埼玉県
67%
アピタ安城 愛知県
67%
モラージュ菖蒲 埼玉県
67%
中山 神奈川県
67%
都賀駅前 千葉県
67%
聖蹟桜ケ丘 東京都
67%
倉敷中庄 岡山県
67%
大宮マルイ 埼玉県
67%
プレ葉ウォーク浜北 静岡県
67%
北見柏陽 北海道
67%
那珂町 茨城県
67%
イズミヤ西神戸 兵庫県
67%
R310さやま 大阪府
67%
イオン原 福岡県
67%
ヨシヅヤ津島本店 愛知県
67%
二子玉川ライズオークモール 東京都
67%
横手 秋田県
67%
イオン大村 長崎県
67%
郡山駅前 福島県
67%
古淵駅前 神奈川県
67%
イオン高槻 大阪府
67%
イオン豊橋南 愛知県
67%
ららぽーと安城 愛知県
67%
CoCoLo新潟 新潟県
67%
金沢高尾台 石川県
67%
阪神大阪梅田駅 大阪府
67%
ロマンシティ御坊 和歌山県
67%
大濠 福岡県
67%
ザ・モール仙台長町 宮城県
67%
船橋本町 千葉県
67%
大垣 岐阜県
67%
山形駅前 山形県
67%
石神井公園駅前 東京都
67%
カインズ市原 千葉県
67%
イオンスタイル岡崎 愛知県
67%
イトーヨーカ堂四街道 千葉県
67%
JR須磨駅前 兵庫県
67%
千駄木 東京都
67%
アピタ伊賀上野 三重県
67%
ハピータウン原尾島 岡山県
67%
フェスタ立花駅前 兵庫県
67%
南千里駅前 大阪府
67%
イオン仙台幸町 宮城県
67%
堺東駅前 大阪府
67%
イオンモール浜松志都呂 静岡県
67%
武生 福井県
67%
ゆめタウンシティモール 熊本県
67%
イオン東長崎 長崎県
67%
ラゾーナ川崎 神奈川県
67%
飯田 長野県
67%
イオンモールかほく 石川県
67%
上尾モンシェリー 埼玉県
67%
名寄西條 北海道
67%
河口湖ベル 山梨県
67%
出雲 島根県
67%
南浦和駅前 埼玉県
67%
須坂インター 長野県
67%
アピタ新潟亀田 新潟県
67%
アピタ島田 静岡県
67%
くずはモール 大阪府
67%
京橋コムズガーデン 大阪府
67%
イオン大塔 長崎県
67%
新津原信SC 新潟県
67%
高松三木 香川県
67%
イオンモール常滑 愛知県
67%
イオンタウン釜石 岩手県
67%
玉出 大阪府
67%
熊谷ニットーモール 埼玉県
67%
登別イオン 北海道
67%
亀岡駅前 京都府
67%
南越谷駅前 埼玉県
67%
グリナード永山 東京都
67%
イオンモール札幌発寒 北海道
67%
イオン穂波 福岡県
67%
庄内通 愛知県
67%
ゆめマート玉名 熊本県
67%
山陽板宿 兵庫県
67%
イオンモール福岡伊都 福岡県
67%
阪急桂駅前 京都府
67%
阪急高槻市駅 大阪府
67%
川西能勢口 兵庫県
67%
錦糸町マルイ 東京都
67%
大船駅前 神奈川県
67%
大阪ビジネスパーク 大阪府
67%
ニトリモール枚方 大阪府
67%
名古屋駅桜通口 愛知県
67%
西台駅前 東京都
67%
IY埼玉大井 埼玉県
67%
イオンスタイル松山 愛媛県
67%
川崎駅前 神奈川県
67%
行徳駅前 千葉県
67%
イオン南風原 沖縄県
67%
ゆめタウン姫路 兵庫県
67%
イオンモール名古屋茶屋 愛知県
67%
イオン鳥取 鳥取県
67%
水戸エクセル 茨城県
67%
スマーク伊勢崎 群馬県
67%
イオンタウン水戸南 茨城県
67%
サンリブシティ小倉 福岡県
67%
枚方 大阪府
67%
十三東口 大阪府
67%
イオン仙台中山 宮城県
67%
コーチャンフォー美しが丘 北海道
67%
西帯広ニュータウン 北海道
67%
熊本下通り 熊本県
67%
大山 東京都
67%
イオンモール豊川 愛知県
67%
ニッケコルトンプラザ 千葉県
67%
イオンモール仙台上杉 宮城県
67%
イトーヨーカドー武蔵小杉 神奈川県
67%
横須賀 神奈川県
67%
イオンモール宮崎 宮崎県
67%
西代 茨城県
67%
京阪枚方市駅 大阪府
67%
イオンモール新発田 新潟県
67%
富田林駅前 大阪府
67%
アルプラザ草津 滋賀県
67%
大森山王 東京都
67%
ブルーライン新横浜駅 神奈川県
67%
エコール・ロゼ 大阪府
67%
イオンモール東久留米 東京都
67%
イオンモール鶴見緑地 大阪府
67%
江古田 東京都
67%
イオンモール明和 三重県
67%
イオン上越 新潟県
67%
ゆめタウン大牟田 福岡県
67%
天文館 鹿児島県
67%
イーアスつくば 茨城県
67%
イオンモール鳥取北 鳥取県
67%
フジ姫原 愛媛県
67%
なんばウォーク 大阪府
67%
御殿場 静岡県
67%
アシコタウンあしかが 栃木県
67%
イオン東根 山形県
67%
本川越ペペ 埼玉県
67%
阪神尼崎 兵庫県
67%
イオンモール大高 愛知県
67%
イオン清水 静岡県
67%
茂原 千葉県
67%
ゆめタウン遠賀 福岡県
67%
長崎中央橋 長崎県
67%
南郷13丁目 北海道
67%
フジグラン安芸 広島県
67%
イオンモール白山 石川県
67%
アピタ四日市 三重県
67%
静内イオン 北海道
67%
都城 宮崎県
67%
mozoワンダーシティ 愛知県
67%
サンエーコンベンションシティ 沖縄県
67%
ららぽーと新三郷 埼玉県
67%
フジグラン高知 高知県
67%
イオン元町 北海道
67%
アピタ桑名 三重県
67%
安曇野 長野県
67%
浦和東口 埼玉県
67%
JR高槻 大阪府
67%
王子メトロピア 東京都
67%
イオン気仙沼 宮城県
67%
函館赤松街道 北海道
67%
むつ中央 青森県
67%
八戸南類家 青森県
67%
マックスバリュ富士八幡町 静岡県
67%
ゆめタウン武雄 佐賀県
67%
JR南福岡 福岡県
67%
JR上野駅中央改札内 東京都
67%
伊東 静岡県
67%
長野稲里 長野県
67%
ekimo天王寺 大阪府
67%
イオンさくら 栃木県
67%
西武東戸塚S.C. 神奈川県
67%
富山南 富山県
67%
西川口駅前 埼玉県
67%
芦屋 兵庫県
67%
イオン福島 福島県
67%
青森下田 青森県
67%
コープデイズ豊岡 兵庫県
67%
島忠ホームズ草加舎人 埼玉県
67%
ららぽーと門真 大阪府
67%
JR小倉 福岡県
67%
イズミヤ小林 兵庫県
67%
村上インター 新潟県
67%
大府駅前 愛知県
67%
熊本清水バイパス 熊本県
67%
昭和町 大阪府
67%
神戸ステーション 兵庫県
67%
調布パルコ 東京都
67%
本八幡 千葉県
67%
イオン入間 埼玉県
67%
ららぽーと海老名 神奈川県
67%
クロスモール豊川 愛知県
67%
小阪 大阪府
67%
白河 福島県
67%
伊達 北海道
67%
イオンタウン郡山 福島県
67%
福島駅前 福島県
67%
イオンモール加西北条 兵庫県
67%
メガドンキ魚津 富山県
67%
イオン那覇 沖縄県
67%
アルプラザ水口 滋賀県
67%
米子R431 鳥取県
67%
新百合ケ丘南口 神奈川県
67%
札幌北49条 北海道
67%
網走 北海道
67%
アリオ蘇我 千葉県
67%
ゆめタウン東広島 広島県
67%
梅田阪急三番街 大阪府
67%
イオン盛岡 岩手県
67%
アピタ岡崎北 愛知県
67%
今池 愛知県
67%
サンエーつかざん 沖縄県
67%
武生楽市 福井県
67%
高石駅前 大阪府
67%
アリオ八尾 大阪府
67%
上本町 大阪府
67%
うめきたグリーンプレイス 大阪府
67%
ららぽーと和泉 大阪府
67%
KiTARA豊田駅前 愛知県
67%
イオンタウン守谷 茨城県
67%
イオンモール伊丹昆陽 兵庫県
67%
イトーヨーカドー武蔵小金井 東京都
67%
ららテラスTOKYO-BAY 千葉県
67%
青森ラ・セラ 青森県
67%
ららぽーと富士見 埼玉県
67%
鹿屋寿 鹿児島県
67%
阪急茨木市駅 大阪府
67%
イオンモール浜松市野 静岡県
67%
ハピータウン岡南 岡山県
67%
橋本駅前 神奈川県
67%
高蔵寺ステーション 愛知県
67%
イオンモール幕張新都心 千葉県
67%
京急川崎 神奈川県
67%
到津 福岡県
67%
イオンモール八幡東 福岡県
67%
宇都宮福田屋 栃木県
67%
JR諫早 長崎県
67%
アリオ倉敷 岡山県
67%
イオンモール高岡 富山県
67%
三軒茶屋 東京都
67%
イオンモールいわき小名浜 福島県
67%
えきマチ香椎 福岡県
67%
江坂東急 大阪府
67%
イトーヨーカドー立場 神奈川県
67%
西鉄久留米 福岡県
67%
八木駅前 奈良県
67%
サニーサイドモール小倉 福岡県
67%
宮交シティ 宮崎県
67%
西明石 兵庫県
67%
金沢杜の里 石川県
67%
博多ステーション 福岡県
67%
くりえいと宗像 福岡県
67%
エスパル仙台 宮城県
67%
学園前 奈良県
67%
南町田グランベリーパーク 東京都
67%
八戸ラピア 青森県
67%
アルプラザ京田辺 京都府
67%
春江アミ 福井県
67%
前橋片貝 群馬県
67%
福山蔵王 広島県
67%
吉祥寺サンロード 東京都
67%
イオン松江 島根県
67%
柿田川 静岡県
67%
西葛西駅前 東京都
67%
入間市駅前 埼玉県
67%
サンリブ下松 山口県
67%
イオンモール綾川 香川県
67%
上田しおだ野 長野県
67%
CoCoLo長岡 新潟県
67%
宮崎一番街 宮崎県
67%
船堀駅前 東京都
67%
佐渡佐和田 新潟県
67%
ゆめタウン行橋 福岡県
67%
シーモール下関 山口県
67%
イオン南松本 長野県
67%
出町 京都府
67%
オークワ南紀 和歌山県
67%
JR高松 香川県
67%
トナリエ栂・美木多 大阪府
67%
フジグラン丸亀 香川県
67%
糀谷 東京都
67%
エアポートウォーク 愛知県
67%
神戸ハーバーランドumie 兵庫県
67%
イオンモールとなみ 富山県
67%
フジグラン石井 徳島県
67%
ゆめタウン中津 大分県
67%
イオン鎌取 千葉県
67%
マルイファミリー志木 埼玉県
67%
フジグラン東広島 広島県
67%
イオンモール木更津 千葉県
67%
山形白山 山形県
67%
イオンスタイル海老江 大阪府
67%
木の葉モール橋本 福岡県
67%
イオン唐津 佐賀県
67%
イオンモール大和郡山 奈良県
67%
エキア松原 埼玉県
67%
アスパ高砂 兵庫県
67%
JR長崎 長崎県
67%
フレンドタウン交野 大阪府
67%
メグリア本店 愛知県
67%
ゆめタウン八女 福岡県
67%
池袋メトロポリタン口 東京都
67%
当知 愛知県
67%
Dila拝島 東京都
67%
オギノリバーシティ 山梨県
67%
国分寺マルイ 東京都
67%
妙法寺 兵庫県
67%
天保山マーケットプレース 大阪府
67%
富士見台駅前 東京都
67%
天王台駅前 千葉県
67%
ゆめタウン三豊 香川県
67%
みのおキューズモール 大阪府
67%
フジグラン北島 徳島県
67%
天王寺ミオ 大阪府
67%
姶良 鹿児島県
67%
ゆめタウン黒瀬 広島県
67%
イオンタウン富士南 静岡県
67%
日赤通り 熊本県
67%
江坂芳野町 大阪府
67%
フジグラン野市 高知県
67%
アピタ高蔵寺 愛知県
67%
イズミヤ和歌山 和歌山県
67%
清瀬駅前 東京都
67%
アピタ阿久比 愛知県
67%
伏見大手筋 京都府
67%
ららぽーと立川立飛 東京都
67%
イオンモール津田沼 千葉県
67%
花巻 岩手県
67%
ゆめタウン博多 福岡県
67%
茅野 長野県
67%
イトーヨーカドー別所 神奈川県
67%
セブンパークアリオ柏 千葉県
67%
イオンモール堺鉄砲町 大阪府
67%
府中 東京都
67%
ららぽーと湘南平塚 神奈川県
67%
那珂川 福岡県
67%
アピタ稲沢 愛知県
67%
大安寺 岡山県
67%
北野田駅前 大阪府
67%
ゆめマートうきは 福岡県
67%
イオン滝川 北海道
67%
けやきウォーク前橋 群馬県
67%
アピタ宇都宮 栃木県
67%
東大和市駅前 東京都
67%
ウニクス秩父 埼玉県
67%
羽島 岐阜県
67%
JR吹田 大阪府
67%
阪急園田 兵庫県
67%
福山緑町 広島県
67%
南海天下茶屋駅 大阪府
67%
旭川春光 北海道
67%
MOMOテラス 京都府
67%
二俣川 神奈川県
67%
おやまゆうえんハーヴェストウォーク 栃木県
67%
イオン小郡 福岡県
67%
バロー市橋 岐阜県
67%
みらい長崎 長崎県
67%
イトーヨーカドーららぽーと横浜 神奈川県
67%
鶴ケ島 埼玉県
67%
JR札幌 北海道
67%
イオン札幌西町 北海道
67%
光明池アクト 大阪府
67%
長浜 滋賀県
67%
小田原ダイナシティ 神奈川県
67%
戸塚西口 神奈川県
67%
アコス草加駅前 埼玉県
67%
ゆめタウン佐賀 佐賀県
67%
イオンモールりんくう泉南 大阪府
67%
イオン県央 新潟県
67%
イオンモール新潟亀田インター 新潟県
67%
イオンモール新瑞橋 愛知県
67%
アクロスモール新鎌ケ谷 千葉県
67%
イトーヨーカ堂津久野 大阪府
67%
三島広小路 静岡県
67%
イオンマリナタウン 福岡県
67%
イトーヨーカドー三郷 埼玉県
67%
七尾 石川県
67%
平針 愛知県
67%
鹿児島中央駅前 鹿児島県
67%
イオンタウン弘前樋之口 青森県
67%
ゆめタウン山口 山口県
67%
イオンモール苫小牧 北海道
67%
イオンつがる柏 青森県
67%
イオンモール桑名 三重県
67%
アルプラザ津幡 石川県
67%
津ステーション 三重県
67%
東室蘭 北海道
67%
中村公園 愛知県
67%
三田ウッディタウン 兵庫県
67%
イオンタウン黒崎 福岡県
67%
東大島駅前 東京都
67%
西鉄薬院 福岡県
67%
敦賀 福井県
67%
イオンモール新小松 石川県
67%
リバーサイド千秋 新潟県
67%
青森観光通り 青森県
67%
天草本渡 熊本県
67%
町田東急ツインズ 東京都
67%
そよら鈴鹿白子 三重県
67%
蒲郡 愛知県
67%
パビリオンシティ田辺 和歌山県
67%
近鉄京都 京都府
67%
大館 秋田県
67%
北千住 東京都
67%
イオンモール柏 千葉県
67%
JR京都駅ビル 京都府
67%
トリアスモール 福岡県
67%
ららぽーとEXPOCITY 大阪府
67%
佐久 長野県
67%
鶴ケ峰駅前 神奈川県
67%
イオンモール甲府昭和 山梨県
67%
香林坊 石川県
67%
イズミヤ長岡 京都府
67%
函館本通 北海道
67%
加古川別府 兵庫県
67%
横浜みなとみらい 神奈川県
67%
相模大野ステーションスクエア 神奈川県
67%
イオン新潟東 新潟県
67%
野々市 石川県
67%
イオン具志川 沖縄県
67%
大曲 秋田県
67%
サンリブもりつね 福岡県
67%
アクタ西宮 兵庫県
67%
掛川 静岡県
67%
MARK IS 葛飾かなまち 東京都
67%
藤が丘 愛知県
67%
ゆめタウン廿日市 広島県
67%
サンエーしおざきシティ 沖縄県
67%
銀座ナイン 東京都
67%
大河原バイパス 宮城県
67%
新長田 兵庫県
67%
北越谷 埼玉県
67%
イオン福岡東 福岡県
67%
千歳 北海道
67%
セントラルパーク 愛知県
67%
壺川 沖縄県
67%
西尾 愛知県
67%
イオンフードスタイル新松戸 千葉県
67%
アズパーク千音寺 愛知県
67%
新静岡セノバ 静岡県
67%
ららぽーと堺 大阪府
67%
JR八王子南口 東京都
67%
アトレ信濃町 東京都
67%
イオンモール草津 滋賀県
67%
イオン古河 茨城県
67%
イオン守山 愛知県
67%
宇土シティ 熊本県
67%
北見西富 北海道
67%
天神国体道路 福岡県
67%
蒲田東口 東京都
67%
メガドンキ美濃加茂 岐阜県
67%
旭川永山パワーズ 北海道
67%
ゆめマート大江 熊本県
67%
サンエー宮古島シティ 沖縄県
67%
長居 大阪府
67%
立川北口 東京都
67%
昭島モリタウン 東京都
67%
ジョイフル本田ひたちなか 茨城県
67%
セブンパーク天美 大阪府
67%
イオンモール大阪ドームシティ 大阪府
67%
JR佐賀 佐賀県
67%
池袋西口 東京都
67%
ピアゴ植田 愛知県
67%
アリオ鳳 大阪府
67%
アピタ足利 栃木県
67%
静岡城北 静岡県
67%
ルーシー大谷地 北海道
67%
イオンモール和歌山 和歌山県
67%
センター南 神奈川県
67%
仙川 東京都
67%
ルビットタウン中津川 岐阜県
67%
石垣 沖縄県
67%
ベニバナウォーク桶川 埼玉県
67%
ベアーズモール清武 宮崎県
67%
アピタ東海荒尾 愛知県
67%
日永カヨー 三重県
67%
イオンモール東員 三重県
67%
河内長野駅前 大阪府
67%
一宮大和 愛知県
67%
羽村 東京都
67%
コースカベイサイド 神奈川県
67%
アリオ鷲宮 埼玉県
67%
ekimo梅田 大阪府
67%
倉敷エスパーク 岡山県
67%
イオン西宮門戸 兵庫県
67%
明石ステーション 兵庫県
67%
五所川原エルム 青森県
67%
イオンモール四条畷 大阪府
67%
ガーラタウン青森 青森県
67%
IY武蔵境 東京都
67%
泉北パンジョ 大阪府
67%
東中野 東京都
67%
サンエーパルコシティ 沖縄県
67%
ゆめタウン広島 広島県
67%
和歌山駅前 和歌山県
67%
武庫之荘駅前 兵庫県
67%
ゆめタウン安古市 広島県
67%
モレラ岐阜 岐阜県
67%
本山 愛知県
67%
イオン小牧 愛知県
67%
ダイバーシティ東京プラザ 東京都
67%
ソコラ塚口 兵庫県
67%
ゆめタウン呉 広島県
67%
イトーヨーカドー明石 兵庫県
67%
イオンモール大日 大阪府
67%
ららぽーとTOKYO-BAY 千葉県
67%
イオンモール伊丹 兵庫県
67%
瀬戸ルート363 愛知県
67%
茨木南 大阪府
67%
紀伊川辺 和歌山県
67%
イオン日向 宮崎県
67%
エミオ狭山市 埼玉県
67%
大分パークプレイス 大分県
67%
エミフルMASAKI 愛媛県
67%
天満橋 京阪シティモール 大阪府
67%
アリオ深谷 埼玉県
67%
東住吉 大阪府
67%
高知帯屋町 高知県
67%
池袋サンシャイン通り 東京都
67%
山陽姫路 兵庫県
67%
イオンモール大垣 岐阜県
67%
鶴見駅前 神奈川県
67%
苫小牧バイパス 北海道
67%
アルデ新大阪 大阪府
67%
コーチャンフォー釧路 北海道
67%
阪急曽根 大阪府
67%
アピタ千代田橋 愛知県
67%
シャポー小岩 東京都
67%
今福鶴見 大阪府
67%
門前仲町 東京都
67%
根岸 神奈川県
67%
ゆめタウン宇部 山口県
67%
広島幟町 広島県
67%
プラリバ西新 福岡県
67%
ザ・ビッグ藤枝田沼 静岡県
67%
福岡天神 福岡県
67%
コーチャンフォーミュンヘン大橋 北海道
67%
イオンモール名取 宮城県
67%
上越モール 新潟県
67%
たまプラーザテラス 神奈川県
67%
ヨークベニマル鹿沼 栃木県
67%
南大沢駅前 東京都
67%
アピタ木更津 千葉県
67%
函館五稜郭 北海道
67%
マックスバリュ浜松助信 静岡県
67%
イオンモール与野 埼玉県
67%
姫路リバーシティー 兵庫県
67%
イトーヨーカドー甲府昭和 山梨県
67%
アドバンス寝屋川 大阪府
67%
秋田山王 秋田県
67%
戸越 東京都
67%
イオンタウン弥富 愛知県
67%
洛北阪急スクエア 京都府
67%
東武練馬 東京都
67%
東近江八日市 滋賀県
67%
イオン八代 熊本県
67%
アズ熊谷 埼玉県
67%
小田急OX経堂 東京都
67%
イオンモール高松 香川県
67%
成城 東京都
67%
イオンモールつくば 茨城県
67%
イオンタウン上里 埼玉県
67%
岡山駅前 岡山県
67%
岩見沢イオン 北海道
67%
亀田本町 北海道
67%
イオンモール神戸南 兵庫県
67%
イオンモール広島府中 広島県
67%
新札幌デュオ 北海道
67%
具志川メインシティ 沖縄県
67%
ベイシア前橋みなみモール 群馬県
67%
イオン三好 愛知県
67%
イトーヨーカドーあべの 大阪府
67%
藤沢駅前 神奈川県
67%
ウニクス伊奈 埼玉県
67%
日吉駅前 神奈川県
67%
モノレール千葉駅 千葉県
67%
サンエー西原 沖縄県
67%
高の原 奈良県
67%
横浜ポルタ 神奈川県
67%
モラージュ柏 千葉県
67%
ソリオ宝塚 兵庫県
67%
イオンモール北大路 京都府
67%
フジグラン広島 広島県
67%
伊那 長野県
67%
高崎小鳥町 群馬県
67%
浦和西口 埼玉県
67%
青葉台 神奈川県
67%
イオンジェームス山 兵庫県
67%
ゆめタウン高松 香川県
67%
石川県庁前 石川県
67%
八戸ピアドゥ 青森県
67%
伊勢ララパーク 三重県
67%
ぐりーんうぉーく多摩 東京都
67%
守口市駅 大阪府
67%
えきマチ姪浜 福岡県
67%
イオンモール扶桑 愛知県
67%
湘南モールフィル 神奈川県
67%
イトーヨーカドー甲子園 兵庫県
67%
イトーヨーカドー船橋 千葉県
67%
イオンモール長久手 愛知県
67%
大通駅 北海道
67%
町屋 東京都
67%
マックスバリュ浜松新橋 静岡県
67%
晴海トリトン 東京都
67%
イオンモール筑紫野 福岡県
67%
いずみおおつCITY 大阪府
67%
稲毛 千葉県
67%
佐世保京町 長崎県
67%
福島南バイパス 福島県
67%
タイヨー永利 鹿児島県
67%
ピボット会津若松 福島県
67%
オークワ橋本 和歌山県
67%
イオンモール熊本 熊本県
67%
長岡シビックコア 新潟県
67%
高井戸 東京都
67%
イオン戸畑 福岡県
67%
イオン洛南 京都府
67%
イオンレイクタウン 埼玉県
67%
藤井寺駅前 大阪府
67%
津山 岡山県
67%
そよら今治馬越 愛媛県
67%
イオンモール鈴鹿 三重県
67%
らぽーる東舞鶴 京都府
67%
藻岩 北海道
67%
弘前ステーション 青森県
67%
公津の杜 千葉県
67%
猪名川 兵庫県
67%
溝ノ口 神奈川県
67%
坂戸駅前 埼玉県
67%
イオンモール三川 山形県
67%
イオンモール佐野新都市 栃木県
67%
フジグラン宇部 山口県
67%
イオンモール四日市北 三重県
67%
イオンモールむさし村山 東京都
67%
半田青山 愛知県
67%
JR八尾駅前 大阪府
67%
池上駅前 東京都
67%
ゆめシティ 山口県
67%
イオンタウン佐沼 宮城県
67%
鹿島田 神奈川県
67%
桜新町駅前 東京都
67%
イトーヨーカドー川崎 神奈川県
67%
イオンモール北戸田 埼玉県
67%
飯能ペペ 埼玉県
67%
防府 山口県
67%
小手指 埼玉県
67%
ジョイフル本田瑞穂 東京都
67%
イオンモール大牟田 福岡県
67%
つかしん 兵庫県
67%
イオンモール熱田 愛知県
67%
いこらも~る泉佐野 大阪府
67%
所沢駅西口 埼玉県
67%
イオンモール座間 神奈川県
67%
健軍 熊本県
67%
永犬丸 福岡県
33%
美里 沖縄県
33%
コープ国分 鹿児島県
33%
パリオ 福井県
33%
運動公園通り 北海道
33%
祇園新道 広島県
33%
平成大学通り 広島県
33%
イオンタウン大安寺 奈良県
33%
新宿靖国通り 東京都
33%
横須賀モアーズシティ 神奈川県
33%
イオンモール春日部 埼玉県
33%
見附 新潟県
33%
パティオ可児 岐阜県
33%
イオン延岡 宮崎県
33%
堀の宮 福井県
33%
イオンスタイル笹丘 福岡県
33%
チトセピア 長崎県
0%
有家 長崎県
0%
ニコモール新田 群馬県
0%
とやの 新潟県
0%
南栄 鹿児島県
0%
志貴野 富山県
0%
ワッセ 福井県
0%
八橋パブリ 秋田県
0%
御所野 秋田県
0%
アルビス高柳 石川県
0%
ピュアタウン武岡 鹿児島県
0%
谷川瀬 福島県
0%
ファボーレ 富山県
0%
No matching quizzes found
Score Distribution
Percent of People with Each Score
Percentile by Number Answered
Your Score History
You have not taken this quiz